000 00417pam a2200157a 44500
008 230515b1991 xxu||||| |||| 00| 0 eng d
020 _aNULL
041 _aENGL
082 _a920.54 NCS.
100 _aN CS. : NATNAL COUNCIL OF SCI. MUS. IND.
245 _aNOBEL PRIZE WINNERS IN PICTURES 1901-2003
250 _aN.D.
260 _aNEW DELHI
_bSTERLING PUBLISHERS P LTD
_c1991
300 _aNULL
650 _aN.D.
999 _c539995
_d539995